[Event "Challenge"]
[Site "http://www.queenalice.com/game.php?id=1570680"]
[Date "2019.5.12"]
[Round "-"]
[White "armandocosta"]
[Black "Xxchess"]
[Result "1-0"]
[WhiteElo "2237"]
[BlackElo "1691"]

1. e4 e5 2. d4 exd4 3. c3 dxc3 4. Bc4 Bc5 5. Nf3 Nc6 6. Qb3 Qe7 7. Ng5 Nh6 8.
Bxf7+ Nxf7 9. Nxf7 Qxf7 10. Qxf7+ Kxf7 11. Nxc3 Nd4 12. Kd1 c6 13. Be3 d6 14. b4
Bb6 15. Kd2 Be6 16. Na4 c5 17. Rhc1 Rhc8 18. Nxb6 axb6 19. Bxd4 cxd4 20. Rxc8
Rxc8 21. Kd3 Rc4 22. a3 g5 23. h4 h6 24. hxg5 hxg5 25. Rh1 Kg7 26. Rh5 g4 27.
Rb5 Rc3+ 28. Kxd4 Rxa3 29. Rxb6 Ra6 30. Rxb7+ Kf6 31. f4 Ra4 32. f5 Bxf5 33.
exf5 Kxf5 34. g3 Ra3 35. b5 Rxg3 36. Rf7+ Ke6 37. Rg7 Rb3 38. Kc4 Rb1 39. Rxg4
d5+ 40. Kc5 Rc1+ 41. Kb6 Kf5 42. Rb4 Rc4 43. Ka5 Ke6 44. Rb3 d4 45. b6 Rc3 46.
Rb5 d3 47. b7 d2 48. b8=Q d1=Q 49. Qe5+ Kf7 50. Rb7+ Kf8 51. Qh8# 1-0

[Event "Challenge"]
[Site "http://www.queenalice.com/game.php?id=1570681"]
[Date "2019.5.12"]
[Round "-"]
[White "Xxchess"]
[Black "armandocosta"]
[Result "0-1"]
[WhiteElo "1691"]
[BlackElo "2212"]

1. Nf3 Nf6 2. c4 c5 3. Nc3 e6 4. e4 Nc6 5. g3 Bd6 6. Bg2 Nd4 7. d3 Nxf3+ 8. Bxf3
Be5 9. O-O O-O 10. Qc2 b6 11. Bf4 Bxf4 12. gxf4 Bb7 13. Rad1 Qc7 14. Qd2 Rae8
15. Bg2 Nh5 16. e5 Bxg2 17. Kxg2 f6 18. Nb5 Qc6+ 19. Kg1 fxe5 20. fxe5 Qf3 21.
Nd6 Nf4 0-1

[Event "AUTO-INT-3457"]
[Site "http://www.queenalice.com/game.php?id=1581263"]
[Date "2019.8.24"]
[Round "1"]
[White "florencia1260"]
[Black "Xxchess"]
[Result "0-1"]
[WhiteElo "1628"]
[BlackElo "1703"]

1. d4 Nf6 2. c4 e6 3. Nc3 Bb4 4. Qc2 c5 5. dxc5 O-O 6. a3 Bxc5 7. Nf3 Nc6 8. Bg5
Nd4 9. Nxd4 Bxd4 10. e3 Bc5 11. Ne4 Qa5+ 12. Qc3 Qxc3+ 13. Nxc3 Rd8 14. Bxf6
gxf6 15. Ne4 Be7 16. b4 d5 17. Nc3 dxc4 18. Bxc4 Bd7 19. O-O a6 20. a4 Rac8 21.
Nd5 exd5 22. Bxd5 Bc6 23. Bxc6 Rxc6 24. b5 axb5 25. axb5 Rb6 26. h3 Rxb5 27. g4
f5 28. Kg2 fxg4 29. hxg4 Rb2 30. Kg3 b5 31. f4 Bf6 32. Rac1 b4 33. e4 Rd3+ 34.
Rf3 Bh4+ 35. Kxh4 Rxf3 0-1

[Event "AUTO-INT-3457"]
[Site "http://www.queenalice.com/game.php?id=1581264"]
[Date "2019.8.24"]
[Round "1"]
[White "Xxchess"]
[Black "florencia1260"]
[Result "0-1"]
[WhiteElo "1731"]
[BlackElo "1594"]

1. Nf3 Nf6 2. c4 d5 3. cxd5 Nxd5 4. e4 Nb6 5. d4 e6 6. Nc3 N8d7 7. Be3 a5 8. Be2
Bb4 9. O-O O-O 10. a3 Bxc3 11. bxc3 f5 12. exf5 exf5 13. Qb3+ Kh8 14. Bf4 Nf6
15. Ne5 Nfd5 16. Bd2 h6 17. c4 Ne7 18. d5 c6 19. Bf3 cxd5 20. cxd5 Kh7 21. Be3
Nbxd5 22. Bc5 Be6 23. Rad1 Rc8 24. Bxe7 Qxe7 25. Bxd5 Bg8 26. Bxg8+ Rxg8 27.
Rde1 Qf6 28. Qxb7 h5 29. Nf7 Rgf8 30. Re7 Rce8 31. Rfe1 Rxe7 0-1

[Event "AUTO-INT-3457"]
[Site "http://www.queenalice.com/game.php?id=1581275"]
[Date "2019.8.24"]
[Round "1"]
[White "dazzeechain"]
[Black "Xxchess"]
[Result "1/2-1/2"]
[WhiteElo "2015"]
[BlackElo "1740"]

1. e4 e5 2. Nf3 Nf6 3. Nc3 Bb4 4. d3 d5 5. Bd2 dxe4 6. Nxe4 Bxd2+ 7. Nfxd2 Nxe4
8. dxe4 Nc6 9. Bb5 Bd7 10. O-O O-O 11. Qh5 g6 12. Qh6 Nd4 13. Bxd7 Qxd7 14. c3
Ne2+ 15. Kh1 f5 16. Rad1 fxe4 17. Nxe4 Qg7 18. Qxg7+ Kxg7 19. Ng5 Kh6 20. Ne6
Rf7 21. Rde1 Re8 22. Rxe2 Rxe6 23. Rfe1 g5 24. Kg1 Kg6 25. Rxe5 Rxe5 26. Rxe5 b6
27. h3 h5 28. g3 Kf6 29. Re8 a5 30. Kg2 Kf5 31. f3 Rd7 32. g4+ hxg4 33. hxg4+
Kf6 34. Re2 b5 35. Kg3 c5 36. Kf2 b4 37. cxb4 cxb4 38. b3 Rd3 39. Kg3 Rd4 40.
Rc2 Rd3 41. Rc5 a4 42. bxa4 Ra3 43. a5 Rxa2 44. Rb5 b3 45. Rxb3 Rxa5 46. f4
gxf4+ 47. Kxf4 Ra4+ 48. Kg3 Ra1 49. Rb6+ Kg5 50. Rb5+ Kg6 51. Kf4 Ra4+ 52. Kg3
Ra1 53. Rb3 Kg5 54. Rb5+ Kg6 55. Rb8 Rg1+ 56. Kf4 Rf1+ 57. Kg3 Rg1+ 58. Kh3 Rh1+
59. Kg2 Ra1 60. Rg8+ Kf7 61. Rg5 Ra3 62. Rf5+ Kg6 63. Rf3 Rxf3 64. Kxf3 Kg5 65.
Kg3 Kg6 66. Kf4 Kf6 67. g5+ Kg6 68. Kg4 Kg7 69. Kf5 Kf7 70. g6+ Kg7 71. Kg5 Kg8
72. Kf6 Kf8 73. Kg5 Kg8 74. Kh6 Kh8 75. g7+ Kg8 76. Kg6 1/2-1/2

[Event "AUTO-INT-3457"]
[Site "http://www.queenalice.com/game.php?id=1581276"]
[Date "2019.8.24"]
[Round "1"]
[White "Xxchess"]
[Black "dazzeechain"]
[Result "1-0"]
[WhiteElo "1691"]
[BlackElo "1659"]

1. c4 d6 2. Nc3 Nf6 3. Nf3 g6 4. g3 Nc6 5. Bg2 Bg7 6. O-O O-O 7. d4 Bg4 8. h3
Bxf3 9. Bxf3 Qd7 10. d5 Ne5 11. b3 Nxf3+ 12. exf3 Qxh3 13. Rb1 Nh5 14. Ne2 Rae8
15. Bb2 Bxb2 16. Rxb2 e5 17. dxe6 fxe6 18. f4 Nf6 19. f3 Nh5 20. Rf2 Nxg3 21.
Nxg3 Rxf4 22. Rg2 Ref8 23. Rbf2 Qh4 24. Kf1 Qf6 25. Ne4 Qc3 26. Nxc3 1-0

[Event "AUTO-INT-3457"]
[Site "http://www.queenalice.com/game.php?id=1581281"]
[Date "2019.8.24"]
[Round "1"]
[White "thbn"]
[Black "Xxchess"]
[Result "0-1"]
[WhiteElo "1766"]
[BlackElo "1719"]

1. e4 e5 2. Nf3 Nf6 3. Bc4 Nxe4 4. Nxe5 d5 5. Qf3 Nf6 6. Bb3 c6 7. O-O Bb4 8.
Re1 O-O 9. c3 Ba5 10. d4 Nbd7 11. Qg3 Ne4 12. Qd3 Nxe5 13. dxe5 Bb6 14. Be3 f6
15. exf6 Bxe3 16. Rxe3 Qxf6 17. Nd2 Qxf2+ 18. Kh1 Qxd2 19. Qxd2 Nxd2 20. Rae1
Nxb3 21. axb3 Bf5 22. h3 Bg6 23. Re7 Rf7 24. Re8+ Rxe8 25. Rxe8+ Rf8 26. Re7 Rf7
27. Re8+ Rf8 28. Re7 Rb8 29. Rd7 a5 30. Kh2 Be4 31. g3 b6 32. g4 Bc2 33. b4 axb4
34. cxb4 Be4 35. Rd6 c5 36. b5 d4 37. Re6 Bd3 38. Re1 Bxb5 39. h4 Re8 40. Ra1
Re2+ 41. Kg3 Rxb2 42. Ra8+ Kf7 43. Ra7+ Kg6 44. h5+ Kf6 45. Kf4 h6 46. Rb7 Be2
47. Rc7 d3 48. Rc6+ Kf7 49. Kf5 d2 50. Rc7+ Kg8 51. Kg6 Bd3# 0-1

[Event "AUTO-INT-3457"]
[Site "http://www.queenalice.com/game.php?id=1581282"]
[Date "2019.8.24"]
[Round "1"]
[White "Xxchess"]
[Black "thbn"]
[Result "1-0"]
[WhiteElo "1712"]
[BlackElo "1652"]

1. Nf3 Nc6 2. c4 e5 3. Nc3 Bc5 4. e3 Nf6 5. d4 exd4 6. exd4 Bb4 7. Bd3 O-O 8.
O-O d5 9. a3 Be7 10. Be3 dxc4 11. Bxc4 a6 12. b4 Bd6 13. d5 Ne5 14. Nxe5 Bxe5
15. Bd4 Bd6 16. Re1 b6 17. Ne4 Be7 18. Nxf6+ Bxf6 19. h3 Bxd4 20. Qxd4 Qg5 21.
Re3 Bd7 22. Rg3 Qh6 23. Re1 Rae8 24. Rxe8 Rxe8 25. Re3 Qg6 26. Rxe8+ Bxe8 27.
Qe5 h6 28. Qxe8+ Kh7 29. Bxa6 Qb1+ 30. Kh2 Qa2 31. Bd3+ g6 32. Qxf7+ Kh8 33.
Bxg6 Qxd5 34. Qh7# 1-0

[Event "AUTO-OPEN-3997"]
[Site "http://www.queenalice.com/game.php?id=1594392"]
[Date "2019.12.27"]
[Round "2"]
[White "brasilianlion"]
[Black "Xxchess"]
[Result "1-0"]
[WhiteElo "2115"]
[BlackElo "1794"]

1. e4 e5 2. Nf3 Nf6 3. Nc3 Bb4 4. Nxe5 O-O 5. Nd3 Bxc3 6. dxc3 Nxe4 7. Be2 d5 8.
O-O Bf5 9. Be3 c6 10. Re1 Nd7 11. Bf1 b6 12. Nf4 Ne5 13. Bd4 Ng6 14. Nh5 f6 15.
Qf3 Nd6 16. Bd3 Qd7 17. Nf4 Bxd3 18. cxd3 Nf5 19. Nxg6 hxg6 20. Be3 Nxe3 21.
Qxe3 Rae8 22. Qg3 Rxe1+ 23. Rxe1 g5 24. Qe3 Kf7 25. Qf3 Re8 26. Rxe8 Kxe8 27.
Qh5+ Ke7 28. Kf1 d4 29. Qg6 Kf8 30. Qe4 dxc3 31. bxc3 Qd5 32. Qxd5 cxd5 33. Ke2
Ke7 34. Ke3 Kd6 35. Kd4 b5 36. h3 a5 37. a3 f5 38. g4 f4 39. c4 b4 40. axb4 axb4
41. cxd5 b3 42. Kc3 Kxd5 43. Kxb3 Kd4 44. Kc2 Kd5 45. Kc3 Kc5 46. d4+ Kd5 47.
Kd3 1-0

[Event "AUTO-OPEN-3997"]
[Site "http://www.queenalice.com/game.php?id=1594393"]
[Date "2019.12.27"]
[Round "2"]
[White "Xxchess"]
[Black "brasilianlion"]
[Result "1-0"]
[WhiteElo "1766"]
[BlackElo "2143"]

1. c4 Nf6 2. Nc3 g6 3. Nf3 Bg7 4. e4 d6 5. d4 O-O 6. Bg5 h6 7. Bh4 c5 8. d5 g5
9. Bg3 Nh5 10. Nxg5 Nxg3 11. hxg3 Qa5 12. Qd2 Nd7 13. Nf3 a6 14. Bd3 Nf6 15. e5
dxe5 16. Nxe5 Qb6 17. O-O-O Nd7 18. Nxd7 Bxd7 19. f3 Qa5 20. Rxh6 f5 21. Qg5 Rf6
22. Rxf6 exf6 23. Qg6 Qd8 24. Rh1 Qe8 25. Bxf5 Bxf5 26. Qxf5 Qe3+ 27. Kc2 Qf2+
28. Kb3 Qxg2 29. Rh4 Qxg3 30. Qe6+ Kf8 31. Rg4 Qe5 32. Qd7 Bh6 33. Re4 Qb8 34.
Qe7+ Kg8 35. Rg4+ Bg5 36. Qxf6 1-0

[Event "AUTO-OPEN-3997"]
[Site "http://www.queenalice.com/game.php?id=1594398"]
[Date "2019.12.27"]
[Round "2"]
[White "AsterixTwin"]
[Black "Xxchess"]
[Result "1-0"]
[WhiteElo "2484"]
[BlackElo "1796"]

1. e4 e5 2. Nf3 Nf6 3. Nxe5 d6 4. Nf3 Nxe4 5. Nc3 Nf6 6. d4 d5 7. Bg5 Bb4 8. Be2
Be6 9. O-O O-O 10. a3 Be7 11. h3 h6 12. Be3 Nbd7 13. Qd2 Ne4 14. Nxe4 dxe4 15.
Ne1 Nb6 16. b3 c6 17. c4 Bf6 18. Nc2 Qd7 19. Rad1 Rad8 20. f3 Bf5 21. fxe4 Bxe4
22. Rxf6 gxf6 23. Bxh6 Rfe8 24. Bg4 Bf5 25. Qf4 Re4 26. Qxf5 Qe7 27. Rf1 Nd7 28.
Qf3 Kh7 29. Bf5+ Kxh6 30. Qxe4 Qxe4 31. Bxe4 Re8 32. Bd3 a6 33. Re1 Rxe1+ 34.
Nxe1 Kg5 35. Kf2 f5 36. Nf3+ Kf6 37. Nh4 f4 38. Kf3 Kg5 39. Nf5 b5 40. h4+ Kf6
41. Kxf4 1-0

[Event "AUTO-OPEN-3997"]
[Site "http://www.queenalice.com/game.php?id=1594399"]
[Date "2019.12.27"]
[Round "2"]
[White "Xxchess"]
[Black "AsterixTwin"]
[Result "0-1"]
[WhiteElo "1759"]
[BlackElo "2471"]

1. c4 Nf6 2. Nc3 g6 3. Nf3 Bg7 4. g3 O-O 5. Bg2 d5 6. cxd5 Nxd5 7. d4 c5 8. e3
cxd4 9. exd4 Nc6 10. O-O Be6 11. a3 Rc8 12. Be3 Nxc3 13. bxc3 Bd5 14. Rc1 Na5
15. Nd2 Bxg2 16. Kxg2 e5 17. Nb3 Qd5+ 18. Kg1 Qxb3 19. d5 Qxd1 20. Rfxd1 b6 21.
d6 Rfd8 22. f4 Nc4 23. Kf2 Nxe3 24. Kxe3 exf4+ 25. Kxf4 Bh6+ 0-1

[Event "AUTO-INT-3457"]
[Site "http://www.queenalice.com/game.php?id=1596390"]
[Date "2020.1.15"]
[Round "2"]
[White "kanibal"]
[Black "Xxchess"]
[Result "0-1"]
[WhiteElo "1578"]
[BlackElo "1757"]

1. e4 e5 2. d4 exd4 3. Qxd4 Nc6 4. Qe3 Bb4+ 5. c3 Ba5 6. Bb5 Qe7 7. Nf3 Ne5 8.
O-O c6 9. Ba4 Bb6 10. Qe2 Nf6 11. Bg5 h6 12. Bxf6 Qxf6 13. Bb3 O-O 14. a4 d6 15.
a5 Bc7 16. Nbd2 Bg4 17. h3 Bh5 18. a6 bxa6 19. Qxa6 Nxf3+ 20. Nxf3 Bxf3 21. gxf3
Qxf3 22. Qxc6 Bb6 23. Qxd6 Qxh3 24. Rae1 Rae8 25. Bd5 Qg4+ 26. Kh1 Qf3+ 27. Kg1
h5 28. Qh2 Re5 29. Qxe5 h4 30. Qg5 Qh3 31. e5 Bd8 32. Qh5 g6 33. Qh6 Qg4+ 34.
Kh1 Bg5 35. Rg1 Qh3# 0-1

[Event "AUTO-INT-3457"]
[Site "http://www.queenalice.com/game.php?id=1596391"]
[Date "2020.1.15"]
[Round "2"]
[White "Xxchess"]
[Black "kanibal"]
[Result "1-0"]
[WhiteElo "1753"]
[BlackElo "1553"]

1. c4 d5 2. cxd5 Qxd5 3. Nc3 Qc6 4. d4 Nf6 5. Nf3 e6 6. g3 Bb4 7. Bd2 O-O 8. Bg2
Nbd7 9. O-O a5 10. Ne5 Nxe5 11. Bxc6 Nxc6 12. a3 Bxc3 13. bxc3 b6 14. f3 Bb7 15.
e4 Nh5 16. Be3 f5 17. Qb3 Kh8 18. Qxe6 fxe4 19. fxe4 Rfe8 20. Qf7 Nf6 21. Rxf6
gxf6 22. Qxf6+ Kg8 23. Bh6 Re7 24. Rf1 Rae8 25. Qf8+ Rxf8 26. Rxf8# 1-0

[Event "AUTO-INT-3457"]
[Site "http://www.queenalice.com/game.php?id=1596392"]
[Date "2020.1.15"]
[Round "2"]
[White "adilsonap"]
[Black "Xxchess"]
[Result "1-0"]
[WhiteElo "2099"]
[BlackElo "1759"]

1. e4 e5 2. Nf3 Nf6 3. Nxe5 d6 4. Nf3 Nxe4 5. d4 d5 6. Bd3 Be7 7. O-O O-O 8. Re1
Nd6 9. c3 Bg4 10. Bf4 Nd7 11. h3 Bh5 12. Nbd2 c5 13. Bxh7+ Kh8 14. dxc5 Nxc5 15.
Bc2 g5 16. Be5+ f6 17. Bd4 Nb5 18. Qe2 Nxd4 19. cxd4 Re8 20. dxc5 Bxc5 21. Qd3
Rxe1+ 22. Rxe1 Qd7 23. Re6 Rf8 24. Nb3 Bb6 25. Nbd4 Bxf3 26. Nxf3 Rf7 27. Qf5
Kg8 28. Qg6+ Kf8 29. Bf5 Bd8 30. Nd4 1-0

[Event "AUTO-INT-3457"]
[Site "http://www.queenalice.com/game.php?id=1596393"]
[Date "2020.1.15"]
[Round "2"]
[White "Xxchess"]
[Black "adilsonap"]
[Result "0-1"]
[WhiteElo "1762"]
[BlackElo "2096"]

1. c4 e6 2. Nc3 c5 3. g3 d5 4. cxd5 exd5 5. d4 cxd4 6. Qxd4 Nf6 7. Bg2 Nc6 8.
Qd1 d4 9. Ne4 Bb4+ 10. Bd2 Nxe4 11. Bxe4 Qe7 12. Bxc6+ bxc6 13. Nf3 Bxd2+ 14.
Qxd2 c5 15. O-O O-O 16. Qd3 Rb8 17. b3 Rb6 18. Rfe1 Ba6 19. Qd2 Re6 20. e3 Bb7
21. Nh4 Qf6 22. exd4 g5 23. Ng2 Qf3 0-1

[Event "Challenge"]
[Site "http://www.queenalice.com/game.php?id=1607317"]
[Date "2020.4.13"]
[Round "-"]
[White "beteljeuxe"]
[Black "Xxchess"]
[Result "1-0"]
[WhiteElo "2470"]
[BlackElo "1791"]

1. d4 Nf6 2. c4 e6 3. Nf3 Bb4+ 4. Bd2 Qe7 5. e3 O-O 6. Qc2 d5 7. Bxb4 Qxb4+ 8.
Nbd2 dxc4 9. Bxc4 c5 10. a3 Qa5 11. O-O b5 12. Be2 cxd4 13. Nxd4 a6 14. a4 bxa4
15. Rxa4 Qb6 16. Nc4 Qc7 17. Rc1 Bb7 18. Na5 Qxc2 19. Rxc2 Bd5 20. f3 Nc6 21.
Naxc6 h6 22. Bxa6 Kh7 23. Bd3+ g6 24. Rxa8 Rxa8 25. Ne5 Ra7 26. Nb5 Re7 27. Nd6
1-0

[Event "Challenge"]
[Site "http://www.queenalice.com/game.php?id=1618093"]
[Date "2020.6.26"]
[Round "-"]
[White "MADMIKE"]
[Black "Xxchess"]
[Result "1-0"]
[WhiteElo "1850"]
[BlackElo "1789"]

1. d4 Nf6 2. d5 c6 3. Nc3 cxd5 4. Nxd5 Nxd5 5. Qxd5 e6 6. Qd1 d5 7. e3 Bb4+ 8.
c3 Ba5 9. Nf3 O-O 10. Bd3 Nd7 11. O-O a6 12. b4 Bc7 13. e4 dxe4 14. Bxe4 Rb8 15.
Bb2 Ne5 16. Nxe5 Bxe5 17. Qh5 1-0

[Event "Let's Play Chess!"]
[Site "http://www.queenalice.com/game.php?id=1787444"]
[Date "2022.4.23"]
[Round "-"]
[White "igor12345"]
[Black "Xxchess"]
[Result "0-1"]
[WhiteElo "2043"]
[BlackElo "1775"]

1. e4 e5 2. f4 exf4 3. Nf3 d5 4. exd5 Nf6 5. c4 c6 6. dxc6 Nxc6 7. d4 Bg4 8. d5
Bxf3 9. gxf3 Bb4+ 10. Bd2 O-O 11. Be2 Re8 12. O-O Nd4 13. Bd3 Bc5 14. Kh1 Nh5
15. b4 Bd6 16. a3 Qh4 17. Kg2 Re5 18. Be1 Rg5+ 19. Kh1 Ng3+ 20. Bxg3 fxg3 21.
Qd2 g2+ 0-1

[Event "Let's Play Chess!"]
[Site "http://www.queenalice.com/game.php?id=1800651"]
[Date "2022.11.27"]
[Round "-"]
[White "igor12345"]
[Black "Xxchess"]
[Result "0-1"]
[WhiteElo "2166"]
[BlackElo "1799"]

1. e4 e5 2. f4 exf4 3. Nf3 d5 4. exd5 Nf6 5. c4 Bd6 6. Nc3 O-O 7. Be2 c6 8. dxc6
Nxc6 9. d4 Bg4 10. O-O Qc7 11. a3 Rfe8 12. d5 Ne5 13. Nxe5 Bxe2 14. Nxe2 Bxe5
15. Qd3 Rad8 16. h3 g5 17. Rb1 a5 18. Bd2 b6 19. Bc3 Bxc3 20. Nxc3 Re3 21. Qd4
Qd6 22. Rbe1 Rde8 23. Kf2 Ne4+ 24. Kg1 Ng3 25. Rxe3 Rxe3 26. Kf2 Nxf1 27. Kxf1
Qg6 28. Ne2 Qb1+ 29. Kf2 Qc2 30. Qxb6 Qxe2+ 31. Kg1 Qe1+ 32. Kh2 Qg3+ 0-1

[Event "Let's Play Chess!"]
[Site "http://www.queenalice.com/game.php?id=1800652"]
[Date "2022.11.27"]
[Round "-"]
[White "Xxchess"]
[Black "igor12345"]
[Result "1-0"]
[WhiteElo "1829"]
[BlackElo "2108"]

1. c4 b6 2. Nc3 e6 3. Nf3 Bb7 4. e4 d6 5. g3 Nf6 6. d3 c5 7. Bg2 Nbd7 8. O-O Be7
9. a3 a5 10. Re1 O-O 11. d4 Qc7 12. e5 Ne8 13. Nb5 Qb8 14. Bf4 d5 15. cxd5 Bxd5
16. b4 cxb4 17. axb4 h6 18. bxa5 bxa5 19. Qb1 Bb4 20. Rc1 Qxb5 21. Be3 Qb7 22.
Nh4 Bxg2 23. Nxg2 Nc7 24. Nf4 Nd5 25. Nxd5 exd5 26. Qf5 Nb6 27. Bxh6 gxh6 28.
Qf6 Kh7 29. Rc6 Bd2 30. Rb1 Bg5 31. Qf5+ Kg7 32. Rbxb6 Qa7 33. f4 Bd8 34. Rxh6
Bxb6 35. Qh7# 1-0

[Event "Let's Play Chess!"]
[Site "http://www.queenalice.com/game.php?id=1808185"]
[Date "2023.3.20"]
[Round "-"]
[White "igor12345"]
[Black "Xxchess"]
[Result "0-1"]
[WhiteElo "2006"]
[BlackElo "1856"]

1. e4 e5 2. f4 exf4 3. Nf3 g5 4. h3 Nc6 5. d4 d5 6. e5 f6 7. Bb5 Bd7 8. Qe2 Qe7
9. Bxc6 Bxc6 10. a3 O-O-O 11. b4 Bg7 12. O-O h5 13. b5 Bd7 14. Nc3 g4 15. hxg4
hxg4 16. Ne1 fxe5 17. Nxd5 Qh4 18. dxe5 g3 19. Nf3 Qh1# 0-1

[Event "Let's Play Chess!"]
[Site "http://www.queenalice.com/game.php?id=1808186"]
[Date "2023.3.20"]
[Round "-"]
[White "Xxchess"]
[Black "igor12345"]
[Result "0-1"]
[WhiteElo "1878"]
[BlackElo "2043"]

1. c4 e5 2. Nc3 Nf6 3. Nf3 Nc6 4. g3 h6 5. d3 d5 6. cxd5 Nxd5 7. Bg2 Bc5 8. O-O
Nde7 9. a3 O-O 10. e3 Qd7 11. b4 Bb6 12. b5 Nd8 13. a4 c5 14. Nxe5 Qd6 15. Nc4
Qe6 16. Nxb6 axb6 17. d4 Qc4 18. dxc5 Qxc3 19. Ba3 bxc5 20. Qd6 Nf5 21. Qxc5
Qxc5 22. Bxc5 Re8 23. a5 Ne6 24. Bb6 Nd6 25. Rfb1 Nc4 26. a6 Nxb6 27. axb7 Rxa1
28. Rxa1 Bxb7 29. Bxb7 Rb8 30. Bc6 Nc4 31. Ra4 Nd6 32. Rb4 Nc8 33. Bd7 Nd6 34.
f4 Kf8 35. e4 Ke7 36. Bc6 Nd8 37. e5 Nc8 38. Bd5 Nb6 39. Be4 g6 40. Kf2 Ne6 41.
f5 gxf5 42. Bxf5 Nc7 43. Rb1 Nbd5 44. Bd3 Nc3 45. Rc1 N7xb5 0-1